| 000 | 00889nam a22002537a 4500 | ||
|---|---|---|---|
| 005 | 20130618110353.0 | ||
| 010 | _aENG-107357 | ||
| 020 |
_a9789380502526 _c780.00 |
||
| 035 | _aEN-90890 | ||
| 037 | _bDBAD/PUB | ||
| 082 | _a327.9581054 | ||
| 245 | 1 | 0 |
_aAfghanistan, a role for India / _cedited by R.K. Sawhney, Arun Sehgal [and] Gurmeet Kanwal |
| 260 |
_aNew Delhi _bCentre for Land Warfare Studies _bK.W. Publishers _c2011 |
||
| 270 |
_a4676/21, F.F., Ansari Road, Daryaganj _bNew Delhi _e110002 |
||
| 300 |
_axi, 192p. _c25cm(Hb) |
||
| 500 | _aIncludes index | ||
| 650 |
_aNation-building _z Afghanistan. |
||
| 650 |
_a National security _zAfghanistan. |
||
| 700 |
_a Sawhney, R. K. _q (Ravi K.) |
||
| 700 | _a Sahgal, Arun | ||
| 700 | _a Kanwal, Gurmeet | ||
| 710 | _aCentre for Land Warfare Studies (New Delhi, India) | ||
| 942 |
_2ddc _cEN _mAFG _h327.9581054 |
||
| 999 |
_c75581 _d75581 |
||